<?xml version="1.0" encoding="UTF-8"?>
<collection xmlns="http://www.loc.gov/MARC21/slim">
    <record>
        <controlfield tag="001">61786</controlfield>
        <controlfield tag="005">20170707111734.0</controlfield>
        <datafield tag="040" ind1=" " ind2=" ">
            <subfield code="a">ES-ZaU</subfield>
        </datafield>
        <datafield tag="100" ind1=" " ind2=" ">
            <subfield code="a">Laurent, J., 1816-1886</subfield>
        </datafield>
        <datafield tag="245" ind1=" " ind2=" ">
            <subfield code="a">Vista interior de la iglesia de Nuestra Señora del Pilar / J. Laurent</subfield>
        </datafield>
        <datafield tag="260" ind1=" " ind2=" ">
            <subfield code="a">[S.l.]</subfield>
            <subfield code="b">[s.n.]</subfield>
            <subfield code="c">[1816-1886]</subfield>
        </datafield>
        <datafield tag="300" ind1=" " ind2=" ">
            <subfield code="a">1 fotografía : papel albúmina;  25 x 34 cm, sobre papel 43 x 53 cm</subfield>
        </datafield>
        <datafield tag="500" ind1=" " ind2=" ">
            <subfield code="a">Copia original de época en blanco y negro. Formato vertical. Vista interior de la iglesia de Ntra. Sra. del Pilar, según reza en el ángulo inferior izquierdo, desde una de sus tres naves. Se pueden apreciar diferentes tipos de cubiertas (bóvedas, cúpulas) que se alternan de forma dinámica sobre gruesos pilares de sección cuadrada que ocupan, en perspectiva, todo el centro de la imagen, delante de los que se disponen bancos de madera. Los muros están articulados a base de pilastras que enmarcan las embocaduras de las capillas. El programa decorativo responde a un canon barroco-clasicista: pilastras clasicistas de orden corintio, hornacinas, ángeles sosteniendo escudos, guirnaldas... En el ángulo inferior derecho aparecen varios tramos de una verja de protección metálica y en el lateral derecho del pilar que está en primer plano, un púlpito de madera adosado</subfield>
        </datafield>
        <datafield tag="506" ind1=" " ind2=" ">
            <subfield code="a">Access copy available to the general public</subfield>
            <subfield code="f">Unrestricted</subfield>
        </datafield>
        <datafield tag="540" ind1=" " ind2=" ">
            <subfield code="9">info:eu-repo/semantics/openAccess</subfield>
            <subfield code="a">by-nc-nd</subfield>
            <subfield code="u">http://creativecommons.org/licenses/by-nc-nd/3.0/es/</subfield>
        </datafield>
        <datafield tag="567" ind1=" " ind2=" ">
            <subfield code="a">Copia en papel albúmina a partir de negativo de vidrio al colodión</subfield>
        </datafield>
        <datafield tag="653" ind1=" " ind2=" ">
            <subfield code="a">Basílica del Pilar (Zaragoza) -- Fotografías -- Obras anteriores a 1900 </subfield>
        </datafield>
        <datafield tag="653" ind1=" " ind2=" ">
            <subfield code="a">Fotografía de arquitectura -- España -- Obras anteriores a 1900</subfield>
        </datafield>
        <datafield tag="653" ind1=" " ind2=" ">
            <subfield code="a">Zaragoza -- S. XIX -- Fotografías -- Obras anteriores a 1900</subfield>
        </datafield>
        <datafield tag="655" ind1=" " ind2="4">
            <subfield code="a">info:eu-repo/semantics/other</subfield>
        </datafield>
        <datafield tag="856" ind1="4" ind2=" ">
            <subfield code="s">390843</subfield>
            <subfield code="u">http://zaguan.unizar.es/record/61786/files/Laurent_p67.pdf</subfield>
            <subfield code="z">Vista interior de la iglesia de Nuestra Señora del Pilar / J. Laurent</subfield>
        </datafield>
        <datafield tag="856" ind1="4" ind2=" ">
            <subfield code="s">4486</subfield>
            <subfield code="u">http://zaguan.unizar.es/record/61786/files/Laurent_p67.jpg?subformat=icon</subfield>
            <subfield code="x">icon</subfield>
            <subfield code="z">Vista interior de la iglesia de Nuestra Señora del Pilar / J. Laurent</subfield>
        </datafield>
        <datafield tag="907" ind1=" " ind2=" ">
            <subfield code="a">.b1715662</subfield>
        </datafield>
        <datafield tag="980" ind1=" " ind2=" ">
            <subfield code="a">PERSONAL</subfield>
            <subfield code="b">LAURENT</subfield>
        </datafield>
    </record>

    
</collection>